000 00366nam a2200157Ia 4500
008 221030s9999 xx 000 0 und d
020 _a0743232135
041 _aEnglish
082 _a105.23
100 _aD. A. Aaker
245 0 _aBuilding Strong Brands
_cby D. A. Aaker
260 _bFree Press
_aUK
_c2010
300 _a380
650 _aManagement
942 _cBK
999 _c9671
_d9671